书目信息 |
| 题名: |
古琴新谱
|
|
| 作者: | 龚一 编著 | |
| 分册: | ||
| 出版信息: | 上海 上海音乐出版社 2013 |
|
| 页数: | 211页 | |
| 开本: | 26cm | |
| 丛书名: | ||
| 单 册: | ||
| 中图分类: | J648.31 | |
| 科图分类: | ||
| 主题词: | 古琴--器乐曲--作品集--中国 | |
| 电子资源: | ||
| ISBN: | 978-7-80751-844-0 | |
| 000 | 00569ncm0 2200217 450 | |
| 001 | 339256 | |
| 005 | 20150608145942.12 | |
| 010 | @a978-7-80751-844-0@dCNY65.00 | |
| 100 | @a20111019d2011 em y0chiy50 ea | |
| 101 | 0 | @achi |
| 102 | @aCN@b310000 | |
| 105 | @aag z 000yy | |
| 106 | @ar | |
| 200 | 1 | @a古琴新谱@Agu qin xin pu@f龚一编著 |
| 210 | @a上海@c上海音乐出版社@d2013 | |
| 215 | @a211页@c图@d26cm | |
| 606 | 0 | @a古琴@x器乐曲@x作品集@y中国 |
| 690 | @aJ648.31@v5 | |
| 701 | 0 | @a龚一@Agong yi@4编著 |
| 801 | 0 | @aCN@b卓展宏图@c20150525 |
| 905 | @dJ648.31@e173@f5 | |
| 古琴新谱/龚一编著.-上海:上海音乐出版社,2013 |
| 211页:图;26cm |
| ISBN 978-7-80751-844-0:CNY65.00 |
| ● |
| 相关链接 |
|
|
|
|
正题名:古琴新谱
索取号:J648.31/173
 
预约/预借
| 序号 | 登录号 | 条形码 | 馆藏地/架位号 | 状态 | 备注 |
| 1 | 864286 | 208642860 | 第一样本阅览室/ [索取号:J648.31/173] | 在馆 | |
| 2 | 864287 | 208642879 | 第一借阅区/ [索取号:J648.31/173] | 在馆 | |
| 3 | 864288 | 208642888 | 第一借阅区/ [索取号:J648.31/173] | 在馆 | |
| 4 | 864289 | 208642897 | 第一借阅区/ [索取号:J648.31/173] | 在馆 | |
| 5 | 864290 | 208642904 | 音乐系资料室/ [索取号:J648.31/173] | 在馆 |